[Event "County"]
[Site "?"]
[Date "1991.??.??"]
[Round "?"]
[White "Lea, G."]
[Black "Brameld, Arthur F"]
[Result "1-0"]
[WhiteElo "2050"]
[BlackElo "2135"]
[PlyCount "45"]
[EventDate "1991.??.??"]
[EventType "simul"]

1. e4 Nf6 2. Nc3 d5 3. e5 Ne4 4. Nce2 f6 5. d3 (5. Nf3 fxe5 6. d3 Nd6 7. Nxe5 Nd7 8. Nxd7 Bxd7 9. Nf4 c6 10. Qe2 Nf7 11. d4 g6 12. Ne6 Bxe6 13. Qxe6 Bg7 14. c3 Qd6 15. Qxd6 Nxd6 16. f4 Kd7 $11) 5... Ng5 6. Bxg5 (6. f4 Nf7) (6. Ng3 Nf7 7. exf6 exf6 8. d4 Nc6 9. c3 Be6 10. Bd3 Qd7 11. N1e2 Nd6 12. Qc2 g6 $11) (6. Nf4 g6 $1 7. h4 Ne6 8. h5 (8. Nf3 c5 9. d4 Nc6 10. dxc5 Nxf4 11. Bxf4 Bg4 12. exf6 exf6 13. Qe2+ Qe7 14. O-O-O O-O-O 15. Bd6 Qxe2 16. Bxe2 Bxd6 17. cxd6 Rxd6 18. Rhe1 d4 19. Nxd4 Rxd4 20. Rxd4 Bxe2 21. Re4 Ba6) 8... Nxf4 9. Bxf4 g5 10. Bg3 Nc6 11. d4 Bh6 $13 12. exf6 $2 exf6 13. Bb5 O-O 14. c3 Ne7 $17) 6... fxg5 7. Ng3 (7. h4 g4 $1 8. Nf4 (8. d4 c5 9. c3 (9. dxc5 $5 Nc6 10. Nf4 d4 $14) 9... Nc6 10. Nf4 cxd4 11. cxd4 g6 12. Bd3 Bh6 13. Nge2 (13. Nfe2 $6 O-O 14. h5 Qa5+ 15. Kf1 Be3 $1) 13... O-O 14. g3 Bxf4 15. gxf4 (15. Nxf4 Nxd4 16. h5 g5) 15... Bf5 16. h5 Qb6 17. hxg6 hxg6 18. Bxf5 gxf5 19. Rh5 $11) 8... g6 9. d4 (9. h5 $6 Bh6 10. Nge2 $4 g5) 9... Bh6 10. Nd3 Na6 11. Be2 (11. c3) 11... c5 12. Bxg4 cxd4 13. h5 Nc5 14. Bxc8 Rxc8 15. Nf3 Qb6 $5 $44) 7... g6 8. Nf3 g4 9. Nd2 Nc6 10. f4 Bh6 11. Ne2 O-O 12. g3 g5 13. h3 Kg7 (13... gxf4 $142 14. hxg4 Bg7 15. gxf4 Bxg4 16. Qc1 Bxe2 17. Bxe2 Rxf4 18. Nf3 Qf8) 14. fxg5 Bxg5 15. d4 Be3 16. Nb3 Bf5 $2 (16... Bf2+ 17. Kd2 gxh3 18. Bxh3 Bxh3 19. Rxh3 e6 20. Qh1 Qg5+ 21. Kd1 $13) 17. Nf4 Qd7 18. hxg4 Bxf4 19. gxf4 Be4 20. Nc5 Qc8 21. Nxe4 dxe4 22. f5 Qd7 23. Qd2 1-0

[Event "County"]
[Site "?"]
[Date "1971.??.??"]
[Round "?"]
[White "Brameld, Arthur F"]
[Black "Morris, J."]
[Result "1-0"]
[WhiteElo "1935"]
[BlackElo "1900"]
[PlyCount "71"]
[EventDate "1971.??.??"]
[EventType "simul"]
[EventRounds "2"]

1. e4 d6 2. d4 h6 3. c4 g6 4. Nc3 Bg7 5. Be3 Nf6 6. f3 O-O 7. Bd3 e5 8. Nge2 Nh7 9. Qd2 Nc6 10. d5 Nb4 11. Bb1 h5 12. a3 Na6 13. b4 f5 14. exf5 gxf5 15. Bh6 Rf7 16. Bxg7 Rxg7 17. Bc2 Qh4+ 18. g3 Qf6 19. O-O-O Bd7 20. h3 Ng5 21. Rdf1 Rf8 22. g4 h4 23. f4 Nf7 24. gxf5 Bxf5 25. fxe5 Nxe5 26. Rxf5 Qxf5 27. Bxf5 Rxf5 28. Nd4 Rf2 29. Qxf2 Nd3+ 30. Kd2 Nxf2 31. Rh2 Nxh3 32. Rxh3 Rg4 33. Nf3 Rxc4 34. Rxh4 Rxh4 35. Nxh4 Kf7 36. Nb5 1-0

[Event "County"]
[Site "?"]
[Date "1967.??.??"]
[Round "?"]
[White "Denman, Brian J"]
[Black "Brameld, Arthur F"]
[Result "1-0"]
[WhiteElo "2120"]
[BlackElo "2070"]
[PlyCount "47"]
[EventDate "1967.??.??"]
[EventType "simul"]
[EventRounds "3"]

1. e4 c5 2. Nf3 Nc6 3. d4 cxd4 4. Nxd4 Nf6 5. Nc3 d6 6. Bg5 a6 7. Bc4 e6 8. O-O Be7 9. Kh1 h6 10. Be3 Qc7 11. Bb3 Bd7 12. f4 b5 13. Qf3 Rc8 14. f5 Ne5 15. Qg3 b4 16. fxe6 bxc3 17. Qxg7 Rf8 18. exd7+ Nfxd7 19. Bxh6 cxb2 20. Rad1 Nc4 21. Qh7 Nf6 22. Ba4+ Kd8 23. Qxf7 Rb8 24. Bxf8 1-0

[Event "County"]
[Site "?"]
[Date "1975.??.??"]
[Round "?"]
[White "Evans, W."]
[Black "Brameld, Arthur F"]
[Result "0-1"]
[WhiteElo "2080"]
[BlackElo "2150"]
[PlyCount "46"]
[EventDate "1975.??.??"]
[EventType "simul"]
[EventRounds "7"]

1. f4 e5 2. fxe5 d6 3. exd6 Bxd6 4. Nf3 g5 5. d4 g4 6. Ng5 f5 7. e4 f4 8. e5 Qxg5 9. exd6 cxd6 10. Qd3 Qh4+ 11. g3 Qe7+ 12. Kf2 fxg3+ 13. hxg3 Nf6 14. Bg2 O-O 15. Bf4 Nc6 16. Nc3 Nb4 17. Qc4+ d5 18. Nxd5 Nfxd5 19. Bxd5+ Nxd5 20. Qxd5+ Be6 21. Rae1 Bxd5 22. Rxe7 Bxh1 23. Rxb7 Bxb7 0-1

[Event "County"]
[Site "?"]
[Date "1991.??.??"]
[Round "?"]
[White "Brameld, Arthur F"]
[Black "Piper, S."]
[Result "1-0"]
[WhiteElo "2135"]
[BlackElo "2080"]
[PlyCount "99"]
[EventDate "1991.??.??"]
[EventType "simul"]

1. e4 c5 2. Nf3 e6 3. Nc3 a6 4. d4 cxd4 5. Nxd4 Qc7 6. Be2 Nf6 7. a3 b5 8. O-O Bb7 9. Bf3 Nc6 10. Nxc6 Bxc6 11. Re1 d6 12. Nd5 Bxd5 13. exd5 e5 14. c3 Be7 15. a4 O-O 16. axb5 axb5 17. Rxa8 Rxa8 18. Bg5 Ne8 19. Bxe7 Qxe7 20. Qb3 Qd7 21. g3 Ra4 22. Kg2 f5 23. Be2 Nc7 24. h3 Ra8 25. Rc1 e4 26. c4 f4 27. gxf4 Qf7 28. cxb5 Rf8 29. Rc6 Qxf4 30. Qg3 Qf7 31. Bc4 e3 32. Qxe3 Kh8 33. Rxd6 Ne8 34. Re6 { 34.Rd8!} Nf6 35. Re7 Qg6+ 36. Qg3 Qh6 37. Re5 Nh5 38. Qg4 Nf4+ 39. Kh2 Qf6 40. Re3 h5 41. Qf3 Qd6 42. Kh1 Ra8 43. Qg3 Ra1+ 44. Kh2 Ra8 45. Re6 Qc7 46. Rc6 Qe5 47. d6 Rf8 48. d7 h4 49. Qc3 Qe4 $4 (49... Qg5 $142 50. Qf3 Qe5 51. Kg1 Qe1+ (51... Qg5+ 52. Kf1 Ng6 53. Rc8 Qc1+ 54. Kg2 Qg5+ 55. Kh1 Qc1+ 56. Kh2) 52. Bf1 Nxh3+ 53. Qxh3 Qxf2+ 54. Kh1) 50. Rh6+ 1-0

[Event "County"]
[Site "?"]
[Date "1965.??.??"]
[Round "?"]
[White "Evans, W."]
[Black "Brameld, Arthur F"]
[Result "1-0"]
[WhiteElo "2060"]
[BlackElo "2040"]
[PlyCount "77"]
[EventDate "1965.??.??"]
[EventType "simul"]
[EventRounds "5"]

1. d4 Nf6 2. e3 d6 3. f4 Nbd7 4. Nf3 c6 5. Bd3 Qc7 6. f5 e5 7. fxe6 fxe6 8. O-O Be7 9. Ng5 Nf8 10. c3 h6 11. Ne4 e5 12. Nxf6+ Bxf6 13. Nd2 Be6 14. Ne4 O-O-O 15. Nxf6 gxf6 16. Rxf6 Qg7 17. Rf2 h5 18. Qf1 Ng6 19. Bd2 Nh4 20. Kh1 Rdg8 21. g3 Ng6 22. Bf5 Qd7 23. Qh3 Nf8 24. Raf1 Rg7 25. c4 d5 26. Bb4 Bxf5 27. Qxf5 Qxf5 28. Rxf5 Ne6 29. cxd5 cxd5 30. Rxe5 h4 31. Rxe6 h3 32. Ref6 Rhh7 33. Rc1+ Kd7 34. Rd6+ Ke8 35. Rc8+ Kf7 36. Rc7+ Ke8 37. Rxg7 Rxg7 38. Rxd5 Rc7 39. Rc5 1-0

[Event "County"]
[Site "?"]
[Date "1966.??.??"]
[Round "?"]
[White "Brameld, Arthur F"]
[Black "Hall, A."]
[Result "1/2-1/2"]
[WhiteElo "2040"]
[BlackElo "2080"]
[PlyCount "22"]
[EventDate "1966.??.??"]
[EventType "swiss"]

1. e4 e5 2. Nf3 Nc6 3. Nc3 Nf6 4. d4 Bb4 5. Nxe5 Nxe4 6. Qf3 Nf6 7. Nd3 Qe7+ 8. Qe3 Bxc3+ 9. bxc3 O-O 10. Qxe7 Nxe7 11. f3 d6 1/2-1/2

[Event "County"]
[Site "?"]
[Date "1966.??.??"]
[Round "?"]
[White "Brameld, Arthur F"]
[Black "Cook, Percy B"]
[Result "1/2-1/2"]
[WhiteElo "2040"]
[BlackElo "2150"]
[PlyCount "108"]
[EventDate "1966.??.??"]
[EventType "swiss"]

1. e4 e5 2. Nf3 Nc6 3. Nc3 Nf6 4. d4 exd4 5. Nd5 Be7 6. Bf4 d6 7. Be2 O-O 8. O-O Be6 9. Nxd4 Bxd5 10. exd5 Nxd5 11. Nxc6 bxc6 12. Bg3 Bf6 13. c4 Ne7 14. Qc2 Rb8 15. Rab1 Ng6 16. Bf3 c5 17. a3 Qd7 18. b4 cxb4 19. axb4 Be5 20. b5 Bxg3 21. hxg3 Ne5 22. Bd5 c6 23. bxc6 Nxc6 24. Qa4 Ne5 25. Qxd7 Nxd7 26. Rxb8 Rxb8 27. Ra1 Nb6 28. Rxa7 Nxd5 29. cxd5 Kf8 30. Ra1 Rb5 31. Rd1 Ke7 32. f4 Kf6 33. Kf2 Kf5 34. Rd4 Rb2+ 35. Kf3 Rb3+ 36. Kf2 Kg4 37. Rc4 Rb2+ 38. Kf1 Kxg3 39. Rc3+ Kxf4 40. Rf3+ Ke5 41. Rxf7 Kxd5 42. Rxg7 Rb1+ 43. Ke2 Rh1 44. g4 Kd4 45. Ra7 d5 46. Kd2 Rh2+ 47. Kd1 Ke3 48. Ra3+ Ke4 49. Ra4+ d4 50. Ra5 Ke3 51. Rd5 Kd3 52. Ke1 Rh1+ 53. Kf2 Kc3 54. Ke2 Rh2+ 1/2-1/2

[Event "County"]
[Site "?"]
[Date "1976.??.??"]
[Round "?"]
[White "Brameld, Arthur F"]
[Black "Meade, P."]
[Result "1/2-1/2"]
[WhiteElo "2150"]
[BlackElo "2095"]
[PlyCount "43"]
[EventDate "1976.??.??"]
[EventType "simul"]
[EventRounds "4"]

1. d4 Nf6 2. Bg5 Ne4 3. Bh4 g5 4. f3 gxh4 5. fxe4 c5 6. e3 Bh6 7. Bc4 Qb6 8. Nc3 Qg6 9. Qf3 Nc6 10. Nge2 O-O 11. O-O d6 12. h3 Be6 13. Nd5 Qg5 14. Nef4 cxd4 15. Nxe6 fxe6 16. Nf4 Ne5 17. Qe2 Kh8 18. Bxe6 dxe3 19. Bf5 Qg3 20. Nh5 Qg5 21. Nf4 Qg3 22. Nh5 1/2-1/2

[Event "County"]
[Site "?"]
[Date "1966.??.??"]
[Round "?"]
[White "Brameld, Arthur F"]
[Black "Coleman, G."]
[Result "0-1"]
[WhiteElo "2040"]
[BlackElo "2040"]
[PlyCount "84"]
[EventDate "1966.??.??"]
[EventType "swiss"]

1. e4 d6 2. d4 Nf6 3. Nc3 g6 4. f3 c6 5. a4 Bg7 6. Be3 O-O 7. Bd3 Na6 8. Nge2 Nb4 9. Kf2 e5 10. dxe5 dxe5 11. Bc5 Re8 12. a5 Nxd3+ 13. cxd3 Nd7 14. Be3 Nf8 15. d4 Ne6 16. d5 cxd5 17. Nxd5 Bd7 18. Qb3 Bc6 19. Rhd1 f5 20. exf5 gxf5 21. g3 f4 22. Ndxf4 exf4 23. Rxd8 fxe3+ 24. Kxe3 Raxd8 25. Kf2 Kh8 26. Qc2 Nd4 27. Nxd4 Bxd4+ 28. Kg2 Re3 29. Rf1 Bb5 30. Rf2 Re1 31. Qd2 Ree8 32. Qg5 Bc6 33. Rd2 Rd5 34. Qh4 Bg7 35. Rxd5 Bxd5 36. Qh5 Bc6 37. Qc5 Rf8 38. Kh3 Bxf3 39. Qxa7 Be5 40. g4 h5 41. gxh5 Rf5 42. Kh4 Rxh5# 0-1

[Event "County"]
[Site "?"]
[Date "1966.??.??"]
[Round "?"]
[White "Anderson, J."]
[Black "Brameld, Arthur F"]
[Result "0-1"]
[WhiteElo "2005"]
[BlackElo "2040"]
[PlyCount "52"]
[EventDate "1966.??.??"]
[EventType "swiss"]

1. d4 d5 2. c4 c6 3. Nc3 Nf6 4. Nf3 e6 5. e3 Nbd7 6. Bd3 dxc4 7. Bxc4 b5 8. Bd3 a6 9. O-O c5 10. Qe2 Bb7 11. a3 Qc7 12. e4 cxd4 13. Nxd4 Rd8 14. Nf3 Bd6 15. Bd2 Ne5 16. Nxe5 Bxe5 17. f4 Bd4+ 18. Kh1 h5 19. Be3 h4 20. Bxd4 Rxd4 21. Rac1 Qd8 22. Rcd1 Nh5 23. Kg1 Ng3 24. hxg3 hxg3 25. Qg4 Rxd3 26. Rxd3 Qb6+ 0-1

[Event "County"]
[Site "?"]
[Date "1965.??.??"]
[Round "?"]
[White "Brameld, Arthur F"]
[Black "Markham, D."]
[Result "0-1"]
[WhiteElo "2040"]
[BlackElo "2000"]
[PlyCount "78"]
[EventDate "1965.??.??"]
[EventType "simul"]
[EventRounds "5"]

1. Nf3 g6 2. g3 Bg7 3. Bg2 e5 4. O-O Ne7 5. c4 O-O 6. Nc3 d6 7. d3 c6 8. Rb1 f5 9. Bd2 Na6 10. b4 Nc7 11. Qb3 Ne6 12. Ng5 Nd4 13. Qd1 h6 14. Nh3 g5 15. f4 exf4 16. gxf4 g4 17. Nf2 Ng6 18. e4 Nh4 19. exf5 Nhf3+ 20. Bxf3 Nxf3+ 21. Kg2 Qh4 22. Rh1 Bd4 23. Nce4 Bxf5 24. h3 Bxe4 25. Nxe4 Rf7 26. Ng3 Nxd2 27. hxg4 Qe7 28. Qxd2 Be3 29. Qb2 Rxf4 30. Nf5 Rxg4+ 31. Kh3 Qg5 32. Nxh6+ Qxh6+ 33. Kxg4 Qg5+ 34. Kh3 Qf5+ 35. Kh4 Bf2+ 36. Qxf2 Qxf2+ 37. Kh5 Qf3+ 38. Kh4 Kg7 39. Rbg1+ Kf6 0-1

[Event "County"]
[Site "?"]
[Date "1986.??.??"]
[Round "?"]
[White "Brameld, Arthur F"]
[Black "Wheeler, George"]
[Result "0-1"]
[WhiteElo "2150"]
[BlackElo "2255"]
[PlyCount "84"]
[EventDate "1986.??.??"]
[EventType "simul"]
[EventRounds "2"]

1. e4 c5 2. Nf3 e6 3. d4 cxd4 4. Nxd4 Nf6 5. Nc3 Nc6 6. Be3 Bb4 7. Ndb5 O-O 8. a3 Bxc3+ 9. Nxc3 d5 10. Bc5 Re8 11. Bb5 Nxe4 12. Nxe4 dxe4 13. Qxd8 Rxd8 14. O-O Rd5 15. b4 Ne5 16. c4 Rd3 17. Rfe1 f5 18. f4 Ng6 19. g3 a6 20. Be8 Bd7 21. Bxg6 hxg6 22. a4 Rc8 23. a5 Be8 24. Rab1 Kf7 25. Kf2 Kf6 26. Red1 Rcd8 27. Rxd3 Rxd3 28. b5 axb5 29. cxb5 Rd5 30. a6 bxa6 31. b6 Bc6 32. Be3 Rd7 33. Rc1 Bb7 34. Rc5 Ke7 35. Rc4 Kd6 36. Rd4+ Bd5 37. Ra4 Bb7 38. Rd4+ Kc6 39. Rxd7 Kxd7 40. Ke2 Kc6 41. Kd2 Kd5 42. Kc3 Bc6 0-1

[Event "County"]
[Site "?"]
[Date "1966.??.??"]
[Round "?"]
[White "Keely, R."]
[Black "Brameld, Arthur F"]
[Result "0-1"]
[WhiteElo "2000"]
[BlackElo "2040"]
[PlyCount "72"]
[EventDate "1966.??.??"]
[EventType "swiss"]

1. e4 c5 2. Nf3 Nc6 3. d4 cxd4 4. Nxd4 g6 5. Nc3 Bg7 6. Be3 d6 7. Bc4 Nf6 8. f3 O-O 9. Qd2 a6 10. Bb3 Na5 11. Bh6 Nxb3 12. Nxb3 Be6 13. Bxg7 Kxg7 14. Nd5 Bxd5 15. exd5 a5 16. c4 a4 17. Nd4 Qa5 18. Qxa5 Rxa5 19. O-O Rfa8 20. Rfe1 Kf8 21. Red1 Nd7 22. Nb5 Nb6 23. Rac1 Rc8 24. b4 axb3 25. axb3 Ke8 26. Ra1 Rxa1 27. Rxa1 Rc5 28. Rd1 Kd7 29. Nc3 Ra5 30. Ne4 h6 31. b4 Ra4 32. c5 Nc8 33. b5 Rc4 34. c6+ bxc6 35. bxc6+ Kc7 36. Rb1 Nb6 0-1

[Event "County"]
[Site "?"]
[Date "1986.??.??"]
[Round "?"]
[White "Mordue, A."]
[Black "Brameld, Arthur F"]
[Result "1-0"]
[WhiteElo "2125"]
[BlackElo "2255"]
[PlyCount "49"]
[EventDate "1986.??.??"]
[EventType "simul"]
[EventRounds "2"]

1. e4 Nf6 2. Nc3 d5 3. e5 Ne4 4. Nxe4 dxe4 5. d4 exd3 6. Bxd3 Nc6 7. Bf4 Nb4 8. Bb5+ c6 9. Qxd8+ Kxd8 10. O-O-O+ Kc7 11. e6+ Kb6 12. Bc4 Bxe6 13. Bxe6 fxe6 14. Be5 Rg8 15. Nf3 g6 16. Nd4 Bg7 17. Bxg7 Rxg7 18. a3 Nd5 19. Nxe6 Rf7 20. f3 Ne3 21. Rd3 Nxg2 22. Rb3+ Ka5 23. Rxb7 Rf5 24. Nc7 Rc8 25. b4+ 1-0

[Event "County"]
[Site "?"]
[Date "1965.??.??"]
[Round "?"]
[White "Brameld, Arthur F"]
[Black "McSheehy, C."]
[Result "1/2-1/2"]
[WhiteElo "2040"]
[BlackElo "1920"]
[PlyCount "72"]
[EventDate "1965.??.??"]
[EventType "simul"]
[EventRounds "5"]

1. Nf3 f5 2. e4 fxe4 3. Ne5 Nf6 4. Be2 g6 5. Nc3 d6 6. Ng4 Nxg4 7. Bxg4 Bg7 8. Nxe4 Bxg4 9. Qxg4 Qd7 10. Qg3 Nc6 11. c3 e5 12. d3 O-O-O 13. Be3 Kb8 14. b4 Ne7 15. f3 Qb5 16. Qf2 Qxd3 17. Bxa7+ Ka8 18. Rd1 Qc4 19. Be3 Nf5 20. Bg5 Rde8 21. Qe2 Qxe2+ 22. Kxe2 Rhf8 23. Be3 Nxe3 24. Kxe3 b6 25. c4 Rd8 26. Rd3 Bh6+ 27. Ke2 Kb7 28. a4 Ra8 29. Ra1 Bg7 30. Kd2 Ra6 31. Kc2 Rf4 32. Kb3 h6 33. Ra2 Rf8 34. h3 Rd8 35. c5 d5 36. Rad2 d4 1/2-1/2

[Event "County"]
[Site "?"]
[Date "1966.??.??"]
[Round "?"]
[White "Cadden, G."]
[Black "Brameld, Arthur F"]
[Result "1-0"]
[WhiteElo "2085"]
[BlackElo "2040"]
[PlyCount "53"]
[EventDate "1966.??.??"]
[EventType "swiss"]

1. e4 d6 2. d4 Nf6 3. Nc3 g6 4. Nf3 Bg7 5. h3 Nbd7 6. Bc4 c5 7. e5 dxe5 8. dxe5 Ng8 9. Bxf7+ Kxf7 10. e6+ Ke8 11. exd7+ Bxd7 12. Bd2 Bc6 13. Qe2 Bf6 14. Rd1 Qc8 15. Ne4 Kf8 16. Nxf6 exf6 17. O-O Qf5 18. Rfe1 Re8 19. Be3 h5 20. Nh4 Qe4 21. Bxc5+ Kg7 22. Qxe4 Rxe4 23. Rxe4 Bxe4 24. Rd7+ Kh6 25. Bf8+ Kg5 26. g3 f5 27. Bg7 1-0

[Event "County"]
[Site "?"]
[Date "1991.??.??"]
[Round "?"]
[White "Brameld, Arthur F"]
[Black "Burton, Ronnie"]
[Result "1/2-1/2"]
[WhiteElo "2185"]
[BlackElo "1910"]
[PlyCount "65"]
[EventDate "1991.??.??"]
[EventType "simul"]

1. e4 e5 2. f4 exf4 3. Nf3 d6 4. d4 {4.d3 may be better} g5 5. h4 g4 6. Ng1 Qf6 7. Nc3 c6 8. Bc4 h5 9. e5 dxe5 10. Ne4 Qe7 11. dxe5 Qb4+ 12. Nd2 Be6 13. Bxe6 fxe6 14. Qe2 Nd7 15. Qe4 Qxe4+ 16. Nxe4 Nxe5 17. Bxf4 Ng6 18. Bg5 Be7 19. O-O-O Rd8 20. Ne2 e5 21. Rxd8+ Kxd8 22. N2g3 Rh7 23. Rd1+ Kc7 24. Nf5 Rf7 25. Nfd6 Rf8 26. Bxe7 N8xe7 27. Nc5 Rf2 28. Ne6+ Kb6 29. Nc4+ Kb5 30. Nd6+ Kb6 31. Nc4+ Kb5 32. Nd6+ Kb6 33. Nc4+ 1/2-1/2

[Event "County"]
[Site "?"]
[Date "1966.??.??"]
[Round "?"]
[White "Collins, M."]
[Black "Brameld, Arthur F"]
[Result "0-1"]
[WhiteElo "2055"]
[BlackElo "2030"]
[PlyCount "81"]
[EventDate "1966.??.??"]
[EventType "swiss"]

1. d4 d5 2. c4 c6 3. Nf3 Nf6 4. Nc3 e6 5. e3 Nbd7 6. Ne5 Nxe5 7. dxe5 Nd7 8. f4 f6 9. Bd3 g6 10. exf6 Qxf6 11. O-O Nb6 12. cxd5 exd5 13. e4 Qd4+ 14. Kh1 dxe4 15. Re1 Bf5 16. Bxe4 O-O-O 17. Qf3 Bxe4 18. Rxe4 Qf6 19. Be3 Bg7 20. a4 Nd5 21. Bd4 Qf7 22. Bxa7 b6 23. Nxd5 cxd5 24. Rc1+ Kb7 25. Rec4 Rd7 26. Bxb6 Kxb6 27. Rc6+ Ka7 28. Qd3 Rb7 29. b4 Re8 30. b5 Qxf4 31. a5 Be5 32. b6+ Kb8 33. Qh3 Qf5 34. Qxf5 gxf5 35. a6 Rbe7 36. Kg1 Bf4 37. a7+ Kb7 38. Rc8 Re1+ 39. Kf2 Rxc8 40. Rxc8 Ra1 41. Re8 0-1

[Event "County"]
[Site "?"]
[Date "1966.??.??"]
[Round "?"]
[White "Winser, W."]
[Black "Brameld, Arthur F"]
[Result "1/2-1/2"]
[WhiteElo "2165"]
[BlackElo "2030"]
[PlyCount "50"]
[EventDate "1966.??.??"]
[EventType "swiss"]

1. d4 d5 2. c4 c6 3. e3 Bf5 4. Qb3 Qc8 5. Nc3 e6 6. Bd2 Nf6 7. Rc1 Nbd7 8. Nf3 a6 9. Nh4 Bg6 10. cxd5 exd5 11. Nxg6 hxg6 12. g3 Bd6 13. Bg2 Qb8 14. Ne2 O-O 15. Bb4 Ne4 16. Bxe4 dxe4 17. Bxd6 Qxd6 18. Qxb7 Rfb8 19. Qxc6 Qxc6 20. Rxc6 Rxb2 21. Nc3 Rc2 22. O-O Rb8 23. Ra1 Rbb2 24. Na4 Rxa2 25. Rxa2 Rxc6 1/2-1/2

[Event "County"]
[Site "?"]
[Date "1990.??.??"]
[Round "?"]
[White "Brameld, Arthur F"]
[Black "George, I."]
[Result "0-1"]
[WhiteElo "2185"]
[BlackElo "2000"]
[PlyCount "68"]
[EventDate "1990.??.??"]
[EventType "simul"]
[EventRounds "5"]

1. e4 c5 2. Nf3 e6 3. Nc3 Nc6 4. d4 cxd4 5. Nxd4 Nf6 6. Be3 Bb4 7. Bd3 d5 8. Nxc6 bxc6 9. exd5 Nxd5 10. Bd2 Qa5 11. Nxd5 Bxd2+ 12. Qxd2 Qxd2+ 13. Kxd2 cxd5 14. c4 dxc4 15. Bxc4 Ke7 16. Ke3 Rd8 17. Rhd1 Bb7 18. g3 Rxd1 19. Rxd1 Rc8 20. b3 Rc5 21. f4 Ra5 22. a4 Ba6 23. Kd4 Bxc4 24. Kxc4 Ra6 25. Rd2 $2 { 25.Rd3} Rc6+ 26. Kb4 Rb6+ 27. Ka3 f6 28. b4 {28.a5!?} Rd6 29. Rxd6 $4 Kxd6 30. Kb3 Kd5 31. Kc3 e5 32. fxe5 fxe5 33. h4 h5 34. b5 Kc5 0-1

[Event "County"]
[Site "?"]
[Date "1976.??.??"]
[Round "?"]
[White "Roebuck, I."]
[Black "Brameld, Arthur F"]
[Result "1-0"]
[WhiteElo "2150"]
[BlackElo "2140"]
[PlyCount "67"]
[EventDate "1976.??.??"]
[EventType "simul"]
[EventRounds "4"]

1. e4 Nf6 2. e5 Nd5 3. Nf3 d6 4. Bc4 Nb6 5. Bb3 Nc6 6. exd6 cxd6 7. c3 g6 8. d3 Bg7 9. Be3 O-O 10. Nbd2 d5 11. d4 Na5 12. Bc2 Nbc4 13. Nxc4 Nxc4 14. Qc1 Bg4 15. Bg5 Bxf3 16. gxf3 Qc7 17. O-O f6 18. Bf4 e5 19. Bg3 a6 20. Bd3 Rac8 21. a4 Qb6 22. Bxc4 Rxc4 23. dxe5 fxe5 24. Qd2 Qc6 25. Rfe1 Rxf3 26. Rad1 d4 27. Bxe5 Bxe5 28. Rxe5 dxc3 29. Qg5 c2 30. Rd8+ Rf8 31. Rxf8+ Kxf8 32. Qd8+ Kg7 33. Qe7+ Kh6 34. Qf8# 1-0

[Event "County"]
[Site "?"]
[Date "1966.??.??"]
[Round "?"]
[White "Brameld, Arthur F"]
[Black "Cook, Percy B"]
[Result "1/2-1/2"]
[WhiteElo "2030"]
[BlackElo "2150"]
[PlyCount "56"]
[EventDate "1966.??.??"]
[EventType "swiss"]

1. e4 e5 2. Nf3 Nc6 3. Nc3 Nf6 4. d4 exd4 5. Nd5 Be7 6. Bb5 O-O 7. O-O d6 8. Nxd4 Nxd4 9. Qxd4 Nxd5 10. exd5 Bf5 11. Qd1 Rc8 12. Be3 Bf6 13. Bd3 Qd7 14. c3 Rfe8 15. Qc2 Bxd3 16. Qxd3 a6 17. Rfd1 Re7 18. Rac1 Rce8 19. c4 Qg4 20. h3 Qh4 21. c5 Bg5 22. Bxg5 Qxg5 23. cxd6 cxd6 24. Qd2 Qxd2 25. Rxd2 Re1+ 26. Rxe1 Rxe1+ 27. Kh2 Kf8 28. Rc2 Re5 1/2-1/2

[Event "County"]
[Site "?"]
[Date "1976.??.??"]
[Round "?"]
[White "Brameld, Arthur F"]
[Black "Thomas, A."]
[Result "1-0"]
[WhiteElo "2150"]
[BlackElo "2245"]
[PlyCount "84"]
[EventDate "1976.??.??"]
[EventType "simul"]
[EventRounds "4"]

1. e4 e5 2. Nf3 Nc6 3. d4 exd4 4. c3 d5 5. exd5 Qxd5 6. cxd4 Bg4 7. Be2 Nf6 8. Nc3 Qh5 9. Be3 Bd6 10. Qb3 O-O 11. O-O-O Qa5 12. h3 Bd7 13. g4 Rae8 14. Nd2 Qb4 15. g5 Qxb3 16. axb3 Nd5 17. Nxd5 Nxd4 18. Bd3 Nf5 19. Ne4 Nxe3 20. Nxe3 Bf4 21. Kd2 Bc6 22. f3 Bxe4 23. fxe4 Bxg5 24. Rhg1 Bf6 25. Kc2 c6 26. Rdf1 Bd4 27. Rg3 Bxe3 28. Rxe3 Re5 29. Ref3 f6 30. Rf5 Rfe8 31. Rxe5 Rxe5 32. Rf5 Re7 33. Kc3 Kf7 34. Bc4+ Kg6 35. Kd4 Rd7+ 36. Ke3 Rd1 37. Be2 Rb1 38. Bh5+ Kh6 39. Bf7 g6 40. Rxf6 Kg7 41. Rf2 Re1+ 42. Kd4 Rd1+ 1-0

[Event "County"]
[Site "?"]
[Date "1976.??.??"]
[Round "?"]
[White "Brameld, Arthur F"]
[Black "Taulbut, Shaun"]
[Result "0-1"]
[WhiteElo "2150"]
[BlackElo "2120"]
[PlyCount "84"]
[EventDate "1976.??.??"]
[EventType "simul"]
[EventRounds "4"]

1. e4 g6 2. d4 Bg7 3. Nc3 d6 4. f4 Nf6 5. Nf3 c5 6. e5 Nfd7 7. e6 fxe6 8. Ng5 Nf6 9. dxc5 O-O 10. cxd6 exd6 11. Bd3 Qb6 12. Qe2 Nc6 13. Nb5 Nd5 14. c4 Nxf4 15. Bxf4 Rxf4 16. g3 Rf8 17. Rf1 Rxf1+ 18. Kxf1 Ne5 19. Rd1 d5 20. b4 a6 21. Nc3 Bd7 22. Kg2 Qxb4 23. cxd5 Qxc3 24. dxe6 Ba4 25. Rd2 Bh6 26. h4 Bxg5 27. hxg5 Bc6+ 28. Kh3 Bf3 29. Qe3 Bg4+ 30. Kh4 Bf5 31. e7 Qb4+ 32. Be4 Qxe7 33. Bd5+ Kh8 34. Rb2 h6 35. Rxb7 Qxg5+ 36. Qxg5 hxg5+ 37. Kxg5 Rd8 38. Kh6 Ng4+ 39. Kg5 Rxd5 40. Ra7 a5 41. Rc7 a4 42. Rc3 Rd4 0-1

[Event "County"]
[Site "?"]
[Date "1978.??.??"]
[Round "?"]
[White "Thomas, A."]
[Black "Brameld, Arthur F"]
[Result "1-0"]
[WhiteElo "2110"]
[BlackElo "2125"]
[PlyCount "84"]
[EventDate "1978.??.??"]
[EventType "simul"]
[EventRounds "2"]

1. e4 Nf6 2. e5 Nd5 3. Nc3 Nxc3 4. dxc3 d5 5. c4 Be6 6. cxd5 Qxd5 7. Qxd5 Bxd5 8. Ne2 Nd7 9. Nf4 e6 10. Nxd5 exd5 11. Bf4 O-O-O 12. O-O-O c6 13. c4 Nb6 14. cxd5 Nxd5 15. Bg3 b5 16. Bd3 Bc5 17. Be4 Ne7 18. Bh4 Kc7 19. Kb1 Kb6 20. f4 Rxd1+ 21. Rxd1 Ng6 22. Bg3 Re8 23. Rd7 Re7 24. Rxe7 Bxe7 25. f5 Nf8 26. Kc2 a5 27. Kd3 a4 28. Bf2+ Kc7 29. Bf3 Nd7 30. Bg3 Kb6 31. Kd4 Bc5+ 32. Ke4 Be7 33. Bf2+ Kc7 34. g4 b4 35. Bd1 a3 36. bxa3 bxa3 37. Be3 f6 38. e6 Nc5+ 39. Kd4 Bd6 40. h3 h6 41. Bc2 Na6 42. Bb3 Kd8 1-0

[Event "County"]
[Site "?"]
[Date "1966.??.??"]
[Round "?"]
[White "Brameld, Arthur F"]
[Black "Bennett, Gerald"]
[Result "1-0"]
[WhiteElo "2030"]
[BlackElo "1720"]
[PlyCount "72"]
[EventDate "1966.??.??"]
[EventType "swiss"]

1. e4 e6 2. d4 d5 3. exd5 Qxd5 4. Nc3 Bb4 5. a3 Bxc3+ 6. bxc3 c5 7. Be3 Nf6 8. Ne2 Nc6 9. Nf4 Qd8 10. d5 Nxd5 11. Nxd5 Qxd5 12. Qxd5 exd5 13. Bxc5 Bf5 14. O-O-O O-O-O 15. Bd3 Bxd3 16. Rxd3 Rd7 17. Re1 Rhd8 18. Bd4 Nxd4 19. Rxd4 Kc7 20. Re3 Rd6 21. Rh3 Rg6 22. g4 h6 23. Rf4 Rd7 24. Rhf3 Kd6 25. h3 Ke6 26. Re3+ Kd6 27. Ref3 Ke6 28. Re3+ Kd6 29. Rd4 Kc5 30. Re5 Re6 31. Rf5 f6 32. Kd2 Re5 33. Rf3 Rde7 34. Rfd3 Re2+ 35. Kc1 Re1+ 36. Kb2 Rd7 1-0

[Event "County"]
[Site "?"]
[Date "1966.??.??"]
[Round "?"]
[White "Brameld, Arthur F"]
[Black "Tadiello, C."]
[Result "1/2-1/2"]
[WhiteElo "2030"]
[BlackElo "2085"]
[PlyCount "65"]
[EventDate "1966.??.??"]
[EventType "swiss"]

1. e4 c6 2. d4 d5 3. Nc3 dxe4 4. Nxe4 Bf5 5. Ng3 Bg6 6. N1e2 h6 7. Nf4 Bh7 8. Bc4 Nf6 9. O-O e6 10. Re1 Be7 11. Bxe6 g5 12. Bxf7+ Kxf7 13. Ne6 Qd7 14. f4 gxf4 15. Bxf4 Bd6 16. Bxd6 Qxd6 17. Nh5 Nbd7 18. Neg7 Bg6 19. Nxf6 Nxf6 20. Re6 Qd7 21. Qe2 Qxd4+ 22. Kh1 Kxg7 23. Rd1 Qg4 24. Rd7+ Bf7 25. Rxf7+ Kxf7 26. Rxf6+ Kxf6 27. Qxg4 Rae8 28. h3 Re1+ 29. Kh2 Rhe8 30. Qf4+ Kg7 31. Qg4+ Kh7 32. Qf5+ Kg7 33. Qg4+ 1/2-1/2